000 00586nam a2200193Ia 4500
005 20260114185621.0
008 008 260114s9999 xx 000 0 eng d
020 _a9781472582096
037 _aEBOOK
040 _aCRL
_beng
_cCRL
041 _aeng
_2eng
084 _qCRL
100 _aSir Winston S. Churchill
_9872265
245 0 _aWar Speeches Volume I Into Battle, or Blood, Sweat and Tears
260 _bBloomsbury
_c2017
856 _uhttps://doi.org/10.5040/9781472582096?locatt=label:secondary_bloomsburyCollections
942 _cEBOOK
999 _c1471213
_d1471213